<?xml version="1.0" encoding="UTF-8"?>
<collection xmlns="http://www.loc.gov/MARC21/slim">
 <record>
  <leader>00751ntm a22002055a 4500</leader>
  <controlfield tag="001">EUN.eunm002422</controlfield>
  <controlfield tag="005">20090413144225.0</controlfield>
  <controlfield tag="008">090413s2007####ag#a#####b####000#0#spa#d</controlfield>
  <datafield tag="082" ind1="0" ind2="4">
   <subfield code="a">631.7</subfield>
   <subfield code="2">21</subfield>
  </datafield>
  <datafield tag="100" ind1="1" ind2=" ">
   <subfield code="a">Luque, Jorge Alfredo.</subfield>
  </datafield>
  <datafield tag="245" ind1="1" ind2="0">
   <subfield code="a">Análisis del recurso agua en el estudio integral de cuencas :</subfield>
   <subfield code="b">resumen /</subfield>
   <subfield code="c">Jorge Alfredo Luque.</subfield>
  </datafield>
  <datafield tag="260" ind1=" " ind2=" ">
   <subfield code="c">[2007].</subfield>
  </datafield>
  <datafield tag="300" ind1=" " ind2=" ">
   <subfield code="a">15 h. :</subfield>
   <subfield code="b">il. ;</subfield>
   <subfield code="c">30 cm.</subfield>
  </datafield>
  <datafield tag="490" ind1="1" ind2=" ">
   <subfield code="a">Hidrología</subfield>
  </datafield>
  <datafield tag="500" ind1=" " ind2=" ">
   <subfield code="a">&quot;Universidad Nacional del Sur. Area de Hidráulica y Recursos Hidráulicos, Bahía Blanca&quot;.</subfield>
  </datafield>
  <datafield tag="504" ind1=" " ind2=" ">
   <subfield code="a">Incluye referencias bibliográficas.</subfield>
  </datafield>
  <datafield tag="650" ind1=" " ind2="7">
   <subfield code="a">Hidrología</subfield>
   <subfield code="2">unbist</subfield>
  </datafield>
  <datafield tag="650" ind1=" " ind2="7">
   <subfield code="a">Cuencas fluviales.</subfield>
   <subfield code="2">unbist</subfield>
  </datafield>
  <datafield tag="650" ind1=" " ind2="7">
   <subfield code="a">Ríos.</subfield>
   <subfield code="2">unbist</subfield>
  </datafield>
  <datafield tag="859" ind1=" " ind2=" ">
   <subfield code="a">AR-BaUNS</subfield>
   <subfield code="b">BIB. CENTRAL - Sector A</subfield>
   <subfield code="h">631.7</subfield>
   <subfield code="i">L974-19</subfield>
   <subfield code="p">120557/009</subfield>
  </datafield>
 </record>
</collection>
